000 00506nam a2200169Ia 4500
999 _c25367
_d25367
003 OSt
005 20210112154051.0
008 190216s9999||||xx |||||||||||||| ||und||
040 _coclc
082 _a700
_bKER/N
100 _aKerala Sangeetha Nataka Akademi
_98295
245 0 _aNadodi Drishyakala Soochika /
_cKerala Sangeetha Nataka Akademi
260 _bNbs Kottayam,
_aKottayam:
_c1978.
300 _a242p
650 _aMalayalam
942 _cBK
_2ddc
_h700
_iKER/N
_k700
_mKER/N